Hỏi - đáp một số quy định về luật lao động ( 1995 -2003 )

Saved in:
Bibliographic Details
Main Author: VÕ THÀNH VỊ
Format: Book
Language:Undetermined
Published: Tp. HCM Tp HCM 2002
Subjects:
Tags: Add Tag
No Tags, Be the first to tag this record!
Institutions: Trung tâm Học liệu Trường Đại học Cần Thơ
LEADER 00520nam a2200181Ia 4500
001 CTU_50588
008 210402s9999 xx 000 0 und d
082 |a 344.59701 
082 |b V300 
100 |a VÕ THÀNH VỊ 
245 0 |a Hỏi - đáp một số quy định về luật lao động ( 1995 -2003 ) 
245 0 |c VÕ THÀNH VỊ 
260 |a Tp. HCM 
260 |b Tp HCM 
260 |c 2002 
650 |a labor law 
650 |z vietnam 
980 |a Trung tâm Học liệu Trường Đại học Cần Thơ